01027 2200385 4500001002100000005001500021007000300036008004100039020001800080035002000098040001600118041000800134082000800142084001400150090002000164100003400184245004900218250001200267264004100279300003500320336002100355337003000376338002300406500002900429504002900458650001500487850001000502990002100512990001800533990001800551990001800569990001800587990001800605990001800623INLIS00000000000770120260601081629ta260601 0  a979-3654-30-9 a0010-0922000190 aSBUPADbInd07aInd a631 a631 KEM d a631 KEM d L18-60 aKemas Ali HanafiahePengarang1 aDasar-Dasar Ilmu Tanah /cKemas Ali Hanafiah a.-Cet.1 a.--Jakarta :bPT Rajagrafindo,c2005 axxvi, 358 hlm :bilus ;c21 cm 2rdacontentateks 2rdamediaatanpa perantara 2rdacarrieravolume aTentang Penulis, hlm 359 aBibliografi, hlm 355-357 4ailmu tanah aPUPAD a0693/BR/ARPUS/06 a06931/Br-2006 a0693b/Br-2006 a14466/Br.2014 a14467/Br.2014 a14468/Br.2014 a14469/Br.2014